| 000 | 00564nam a2200181Ia 4500 | ||
|---|---|---|---|
| 005 | 20250423100235.0 | ||
| 008 | 250422s9999 xx 000 0 und d | ||
| 020 | _a9789789075874 | ||
| 050 | _aZ 669 .M63/ | ||
| 100 | _aEdited by Evarest C. Madu and Chinwe Nwogo Ezeani | ||
| 245 | 0 | _aModern library and information science for information professionals in Africa | |
| 260 | _aIbadan | ||
| 260 | _bTextLinks Publishers | ||
| 260 | _c2010 | ||
| 300 | _a243 p | ||
| 650 | _a Library education Library science Information science | ||
| 942 | _cBK | ||
| 999 |
_c32705 _d32705 |
||